| 000 | 01401nam a22002657a 4500 | ||
|---|---|---|---|
| 005 | 20170124103156.0 | ||
| 010 | _aB-200296 | ||
| 020 |
_c250.00 _a8126022469 |
||
| 035 | _aB-200296 | ||
| 037 | _bCen Lib/Ret | ||
| 040 |
_aDPL _bHN |
||
| 082 |
_a890.8 _bभाखर |
||
| 245 |
_aभाखर रा भौमिया : _cसंपादक अर्जुनसिंह शेखावत _bआदिवासी गरासिया साहित्य / |
||
| 246 |
_aBhakar ra bhaumiya : adivasi garasiya sahitye / _bsampadak Arjun Singh Shekhawat |
||
| 260 |
_aनयी दिल्ली _bसाहित्य अकादमी _c2006 |
||
| 270 |
_bनयी दिल्ली _aरवीन्द्र भवन, 35, फिरोज़शाह मार्ग _e110001 |
||
| 300 |
_axlviii,354पृ. _c22सेमी(सजिल्द) |
||
| 500 | _aअनुक्रमाणिका और संदर्भ शामिल | ||
| 650 |
_aहिन्दी -- आदिवासी साहित्य _946379 |
||
| 650 |
_aआदिवासी -- भाषा और गरासी बोली _989761 |
||
| 650 |
_aHindi - Tribal literature _989762 |
||
| 650 |
_aTribal - language and Garasi dialect _989763 |
||
| 700 |
_a शेखावत, अर्जुनसिंह _942649 |
||
| 942 |
_2ddc _cHN _h890.8 _mभाखर |
||
| 999 |
_c120330 _d120330 |
||